<?xml version="1.0" encoding="UTF-8"?><?xml-stylesheet type="text/xsl" href="static/style.xsl"?><OAI-PMH xmlns="http://www.openarchives.org/OAI/2.0/" xmlns:xsi="http://www.w3.org/2001/XMLSchema-instance" xsi:schemaLocation="http://www.openarchives.org/OAI/2.0/ http://www.openarchives.org/OAI/2.0/OAI-PMH.xsd"><responseDate>2026-04-13T15:12:41Z</responseDate><request verb="GetRecord" identifier="oai:www.recercat.cat:2117/108179" metadataPrefix="marc">https://recercat.cat/oai/request</request><GetRecord><record><header><identifier>oai:recercat.cat:2117/108179</identifier><datestamp>2025-07-22T19:38:16Z</datestamp><setSpec>com_2072_1033</setSpec><setSpec>col_2072_452951</setSpec></header><metadata><record xmlns="http://www.loc.gov/MARC21/slim" xmlns:dcterms="http://purl.org/dc/terms/" xmlns:xsi="http://www.w3.org/2001/XMLSchema-instance" xmlns:doc="http://www.lyncode.com/xoai" xsi:schemaLocation="http://www.loc.gov/MARC21/slim http://www.loc.gov/standards/marcxml/schema/MARC21slim.xsd">
   <leader>00925njm 22002777a 4500</leader>
   <datafield ind2=" " ind1=" " tag="042">
      <subfield code="a">dc</subfield>
   </datafield>
   <datafield ind2=" " ind1=" " tag="720">
      <subfield code="a">Roca Sobrevals, Mercè</subfield>
      <subfield code="e">author</subfield>
   </datafield>
   <datafield ind2=" " ind1=" " tag="260">
      <subfield code="c">2017-06</subfield>
   </datafield>
   <datafield ind2=" " ind1=" " tag="520">
      <subfield code="a">En este proyecto se pretende estudiar cómo afecta un proceso de soldadura a un&#xd;
acero AHSS mediante probetas de tensión compacta C(T). Los aceros AHSS están&#xd;
siendo ampliamente utilizados en aplicaciones automotrices con la finalidad de reducir&#xd;
el peso de los vehículos debido a que son de muy alta resistencia, con lo cual se&#xd;
pueden reducir en gran medida los espesores de las chapas utilizadas. El uso de&#xd;
soldadura es inevitable para la realización de algunas juntas. Debido a que en dichas&#xd;
aplicaciones automotrices ocurre la actuación de cargas cíclicas, toma importancia el&#xd;
estudio del comportamiento de las grietas ante cargas de fatiga, con la finalidad de&#xd;
evitar el fallo catastrófico ya que las grietas por fatiga pueden iniciarse desde&#xd;
diferentes posiciones del material soldado debido a la complejidad de la situación de la&#xd;
fuerza automotriz.&#xd;
Específicamente el interés para el presente estudio es el conocimiento del&#xd;
comportamiento ante la presencia de grietas y la aplicación de cargas cíclicas en una&#xd;
unión soldada a tope de un acero AHSS.&#xd;
Para la realización de los ensayos se ha utilizado un acero microaleado STRENX&#xd;
960®. Se han extraído de una placa de acero, de espesor 8 mm, 2 probetas de&#xd;
material base y 3 probetas de las zonas localizadas con soldadura con diferente&#xd;
orientación de entalla.&#xd;
Inicialmente se ha realizado un análisis microestructural de la sección transversal de la&#xd;
soldadura analizando la dureza de las distintas zonas de soldadura para la&#xd;
determinación de las zonas más críticas para el avance de la grieta.&#xd;
A continuación, para la determinación de la cinética de propagación de grietas por&#xd;
fatiga, se realizaron curvas de crecimiento de grietas para determinar las constantes&#xd;
de la Ecuación de Paris-Erdogan en la zona de crecimiento estable de grieta siguiendo&#xd;
las especificaciones de la norma ASTM E-647. Mediante este ensayo se ha observado&#xd;
que la soldadura afecta significativamente al avance de la grieta por fatiga, provocando&#xd;
un crecimiento discontinuo en lo que se refiere a velocidad de propagación de grietas&#xd;
por fatiga.&#xd;
Finalmente, para poder realizar una mejor valoración de la resistencia a la propagación&#xd;
de grietas, se ha procedido a la medición de la tenacidad de fractura para el material&#xd;
base y con soldadura siguiendo los lineamientos de la norma ASTM E-399.</subfield>
   </datafield>
   <datafield tag="653" ind2=" " ind1=" ">
      <subfield code="a">Àrees temàtiques de la UPC::Enginyeria dels materials::Assaig de materials::Assaig de fatiga</subfield>
   </datafield>
   <datafield tag="653" ind2=" " ind1=" ">
      <subfield code="a">Steel, High strength</subfield>
   </datafield>
   <datafield tag="653" ind2=" " ind1=" ">
      <subfield code="a">Steel -- Fatigue</subfield>
   </datafield>
   <datafield tag="653" ind2=" " ind1=" ">
      <subfield code="a">Acer d'alta resistència -- Fatiga</subfield>
   </datafield>
   <datafield tag="653" ind2=" " ind1=" ">
      <subfield code="a">Acer d'alta resistència</subfield>
   </datafield>
   <datafield ind2="0" ind1="0" tag="245">
      <subfield code="a">Propagación de grietas por fatiga en probetas CT de un acero AHSS soldado</subfield>
   </datafield>
</record></metadata></record></GetRecord></OAI-PMH>